| 000 | 00366nam a2200157Ia 4500 | ||
|---|---|---|---|
| 008 | 221030s9999 xx 000 0 und d | ||
| 020 | _a9382291558 | ||
| 041 | _aEnglish | ||
| 100 | _aC. R. Fitts | ||
| 245 | 0 |
_aGroundwater Science _cby C. R. Fitts |
|
| 250 | _a2nd | ||
| 260 |
_bElsevier Pub _aNew Delhi _c2016 |
||
| 300 | _a672 | ||
| 650 | _aCivil | ||
| 942 | _cBK | ||
| 999 |
_c17841 _d17841 |
||